| 000 | | | 04102nmc2a22000003x 450 |
| 001 | | | ca19d02a-0ecb-4760-92ba-b9e2d1cd8c63 |
| 005 | | | 20181005040747.0 |
| 100 | ## | $a | 20161216l18161816k l0rusy0189 ca |
| 101 | 0# | $a | rus |
| 102 | ## | $a | RU |
| 200 | 1# | $a | Дело с представлением всеподданнейших отчетов о приходе и расходе сумм по Санкт-Петербургу и Московским театрам за 1815 год |
| | $j | 23 марта - 18 июня 1816 г. |
| 251 | ## | $c | Дело |
| 300 | ## | $a | Дело |
| 300 | ## | $a | Ориг. заголовок дела: Журнал Театрального комитета 9 мая по отчётам Санкт-Петербургского и Московского театров с приложениями. 23 марта 1816 г. - 18 июня 1816 г |
| 801 | #0 | $a | RU |
| | $b | РГИА |
| | $c | 20161216 |
| | $g | RCR |
| 801 | #1 | $a | RU |
| | $b | ГлавНИВЦ |
| | $c | 20161216 |
| | $2 | rusmarc |
| 801 | #2 | $a | RU |
| | $b | ПБ им. Б.Н. Ельцина |
| | $c | 20181005 |
| | $g | RCR |
| | $2 | rusmarc |
| 850 | ## | $a | РГИА |
| 852 | ## | $a | РГИА |
| | $e | Федеральное казенное учреждение "Российский государственный исторический архив" (РГИА) |
| | $j | 1542 |
| 937 | ## | $h | РГИА |
| | $d | 12236383 |
| | $a | ASBIBLIO_SCAN |
| 462 | #0 | $1 | 001dd3991dc-24e1-42ec-8838-ca4255420416 |
| | $1 | 2001 |
| | $a | 1746-1850 гг. |
| | $1 | 251 |
| | $c | Опись |
| | $1 | 852 |
| | $j | 1 |
| 461 | #0 | $1 | 0019264ebf8-de62-4f1a-9eb4-9f22098dbbd5 |
| | $1 | 2001 |
| | $a | Дирекция императорских театров МИДв |
| | $1 | 251 |
| | $c | Фонд |
| | $1 | 852 |
| | $j | 497 |
| 215 | ## | $a | 77 л. |
| | $d | 36,5х26 см |
| 371 | ## | $a | Документ не является опубликованным и широко распространяемым |
| 517 | 1# | $a | Журнал Театрального комитета 9 мая по отчётам Санкт-Петербургского и Московского театров с приложениями. 23 марта 1816 г. - 18 июня 1816 г |
| 105 | ## | $a | y### |
| 122 | 2# | $a | d |
| 035 | ## | $a | ca19d02a-0ecb-4760-92ba-b9e2d1cd8c63 |
| 856 | ## | $u | http://readingroom.main.prlib.ru/item.aspx?id_node=n118935841&mode=full |